[Event "Mitropa Cup Women 2019"]
[Site "Radenci"]
[Date "2019.06.02"]
[Round "7.8"]
[White "Milcova, Zuzana"]
[Black "Kuhar, Larisa"]
[Result "1/2-1/2"]
[WhiteElo "2093"]
[BlackElo "1930"]
[Annotator "NA RC"]
[PlyCount "144"]
[EventDate "2019.05.27"]
[EventType "team-tourn"]
[EventCountry "SLO"]
[SourceTitle "playchess.com"]
[Source "ChessBase"]
[SourceQuality "1"]
[WhiteTeam "Slovakia"]
[BlackTeam "Slovenia"]
[WhiteTeamCountry "SVK"]
[BlackTeamCountry "SLO"]
[TimeControl "40/5400+30:1800+30"]

1. e4 {[%emt 0:00:00]} c5 {[%emt 0:00:00]} 2. c3 {[%emt 0:00:00]} d5 {[%emt 0:00:00]} 3. exd5 {[%emt 0:00:00]} Qxd5 {[%emt 0:00:00]} 4. d4 {[%emt 0:00:00]} g6 {[%emt 0:00:07]} 5. Nf3 {[%emt 0:00:05]} Bg7 {[%emt 0:00:12]} 6. Be3 {[%emt 0:01:45]} cxd4 {[%emt 0:00:27]} 7. cxd4 {[%emt 0:02:31]} Qa5+ {[%emt 0:01:09]} 8. Nc3 {[%emt 0:00:55]} Nh6 {[%emt 0:00:43] B06: Modern Defence} 9. Bc4 {[%emt 0:08:54]} O-O {[%emt 0:03:53]} 10. O-O {[%emt 0:05:26]} Bg4 {[%emt 0:10:01]} 11. Qd2 $146 {[%emt 0:28:16]} ({Predecessor:} 11. Qc1 Nf5 12. Ne5 Bxe5 13. dxe5 Nxe3 14. Qxe3 Nc6 15. e6 Bxe6 16. Bxe6 fxe6 17. Qxe6+ {½-½ (32) Berelowitsch,A (2541)-Almasi,Z (2672) Germany 2003}) 11... Nf5 {[%emt 0:15:25]} 12. Ne1 {[%emt 0:25:19]} Nc6 {[%emt 0:14:43]} 13. h3 {[%emt 0:01:08]} Nxe3 {[%emt 0:03:50]} 14. fxe3 {[%emt 0:00:19]} Bf5 {[%emt 0:05:54]} 15. Nf3 {[%emt 0:00:12]} Rac8 {[%emt 0:02:29]} 16. Bb3 {[%emt 0:00:54]} Rcd8 {[%emt 0:09:16]} 17. Qf2 {[%emt 0:03:57]} b5 {[%emt 0:05:13]} 18. Rad1 {[%emt 0:05:24]} b4 {[%emt 0:09:09]} 19. e4 {[%emt 0:00:25]} bxc3 {[%emt 0:03:13]} 20. exf5 {[%emt 0:00:05]} Qxf5 {[%emt 0:08:13]} 21. bxc3 {[%emt 0:00:11]} Na5 {[%emt 0:00:43]} 22. Bc2 {[%emt 0:02:20]} Qd5 {[%emt 0:00:06]} 23. Bd3 {[%emt 0:00:35]} Rc8 {[%emt 0:01:07]} 24. Rc1 {[%emt 0:02:07]} Rc7 {[%emt 0:01:09]} 25. Qe3 {[%emt 0:04:30]} Nc4 {[%emt 0:01:36]} 26. Bxc4 {[%emt 0:01:39]} Qxc4 {[%emt 0:00:11]} 27. Ne5 {[%emt 0:00:15]} Qxa2 {[%emt 0:01:44]} 28. Rf3 {[%emt 0:01:02]} Qe6 {[%emt 0:00:24]} 29. Ra1 {[%emt 0:02:57]} Bxe5 {[%emt 0:00:26]} 30. dxe5 {[%emt 0:00:04]} Qb6 {[%emt 0:00:23]} 31. Qxb6 {[%emt 0:00:41]} axb6 {[%emt 0:00:01]} 32. Ra6 {[%emt 0:00:47]} Rb7 {[%emt 0:00:40]} 33. Rd3 {[%emt 0:00:50]} Rc8 {[%emt 0:00:31]} 34. Kf2 {[%emt 0:00:44]} Rc5 {[%emt 0:00:40]} 35. Ra8+ {[%emt 0:00:23]} Kg7 {[%emt 0:00:05]} 36. Re3 {[%emt 0:00:12]} Rbc7 {[%emt 0:02:02]} 37. Ra3 {[%emt 0:00:28]} Rb5 {[%emt 0:01:16]} 38. g4 {[%emt 0:01:34]} Rcc5 {[%emt 0:01:07]} 39. e6 {[%emt 0:00:15]} Re5 {[%emt 0:00:38]} 40. exf7 {[%emt 0:00:00]} Rxe3 {[%emt 0:00:00]} 41. f8=Q+ {[%emt 0:05:30]} Kxf8 {[%emt 0:00:56]} 42. Ra8+ {[%emt 0:00:03]} Kf7 {[%emt 0:01:48]} 43. Kxe3 {[%emt 0:00:04]} Rb1 {[%emt 0:06:37]} 44. Rh8 {[%emt 0:04:42]} Kg7 {[%emt 0:00:33]} 45. Re8 {[%emt 0:00:43]} Re1+ {[%emt 0:02:22]} 46. Kf4 {[%emt 0:10:04]} Kf6 {[%emt 0:06:23]} 47. g5+ {[%emt 0:02:50]} Kf7 {[%emt 0:02:08]} 48. Rh8 {[%emt 0:01:51]} Kg7 {[%emt 0:01:23]} 49. Re8 {[%emt 0:01:17]} h6 {[%emt 0:01:55]} 50. gxh6+ {[%emt 0:02:48]} Kxh6 {[%emt 0:00:08]} 51. h4 {[%emt 0:00:41]} Rc1 {[%emt 0:04:19]} 52. Rc8 {[%emt 0:04:49]} Kg7 {[%emt 0:02:39]} 53. Rc6 {[%emt 0:00:15]} b5 {[%emt 0:01:44]} 54. Rb6 {[%emt 0:01:09]} Rxc3 {[%emt 0:00:13]} 55. Rxb5 {[%emt 0:00:06]} Kf6 {[%emt 0:01:07]} 56. Rb4 {[%emt 0:00:53]} Rc1 {[%emt 0:00:29]} 57. Rb6+ {[%emt 0:00:56]} e6 {[%emt 0:00:11]} 58. Ra6 {[%emt 0:00:28]} Rc4+ {[%emt 0:00:10]} 59. Kg3 {[%emt 0:00:05]} Kf5 {[%emt 0:00:10]} 60. Ra3 {[%emt 0:00:58]} Rg4+ {[%emt 0:01:45]} 61. Kh3 $1 {[%emt 0:00:13]} e5 {[%emt 0:01:25]} 62. Ra8 {[%emt 0:01:35]} Rd4 {[%emt 0:00:15]} 63. Rf8+ {[%emt 0:00:23]} Ke6 {[%emt 0:01:54]} 64. Re8+ {[%emt 0:00:34]} Kf6 {[%emt 0:00:32]} 65. Rf8+ {[%emt 0:00:07]} Ke7 {[%emt 0:00:50]} 66. Rg8 {[%emt 0:00:35]} Kf7 $11 {[%emt 0:00:06]} 67. Ra8 {[%emt 0:00:14]} Rf4 {[%emt 0:01:30]} 68. Kg3 {[%emt 0:00:03]} Rf1 {[%emt 0:00:52]} 69. Kg2 {[%emt 0:00:27]} Rb1 {[%emt 0:00:45]} 70. Kg3 {[%emt 0:00:12]} Rb4 {[%emt 0:00:15]} 71. Ra6 {[%emt 0:00:40]} Rc4 {[%emt 0:00:38]} 72. Rb6 {[%emt 0:00:11]} Ra4 {[%emt 0:00:24]} 1/2-1/2

[Event "Mitropa Cup Women 2019"]
[Site "Radenci"]
[Date "2019.06.02"]
[Round "7.9"]
[White "Ragger, Anna-Christina"]
[Black "Havanecz, Bianka"]
[Result "0-1"]
[WhiteElo "2272"]
[BlackElo "2279"]
[Annotator "ChessBase"]
[PlyCount "80"]
[EventDate "2019.05.27"]
[EventType "team-tourn"]
[EventCountry "SLO"]
[SourceTitle "playchess.com"]
[Source "ChessBase"]
[SourceQuality "1"]
[WhiteTeam "Austria"]
[BlackTeam "Hungary"]
[WhiteTeamCountry "AUT"]
[BlackTeamCountry "HUN"]
[TimeControl "40/5400+30:1800+30"]

1. d4 {[%emt 0:00:00]} Nf6 {[%emt 0:00:00]} 2. Bf4 {[%emt 0:00:00]} d5 {[%emt 0:00:05]} 3. e3 {[%emt 0:00:00]} c5 {[%emt 0:00:15]} 4. c3 {[%emt 0:00:00]} Nc6 {[%emt 0:00:31]} 5. Nd2 {[%emt 0:00:04]} Qb6 {[%emt 0:02:31]} 6. Qb3 {[%emt 0:01:02]} c4 {[%emt 0:00:17]} 7. Qc2 {[%emt 0:00:15]} g6 {[%emt 0:01:51]} 8. e4 {[%emt 0:01:28]} dxe4 {[%emt 0:05:18]} 9. Nxc4 {[%emt 0:11:53]} Qd8 {[%emt 0:00:05]} 10. Be2 {[%emt 0:02:19]} Bg7 {[%emt 0:01:15]} 11. h4 {[%emt 0:15:58]} O-O {[%emt 0:05:10]} 12. O-O-O {[%emt 0:07:10]} b5 {[%emt 0:05:06]} 13. Ne5 {[%emt 0:01:49]} Qb6 {[%emt 0:00:05]} 14. Kb1 {[%emt 0:03:34]} Nd5 {[%emt 0:04:11]} 15. Nxc6 {[%emt 0:06:21]} Qxc6 {[%emt 0:01:18]} 16. Bc1 {[%emt 0:03:24]} h5 {[%emt 0:02:25]} 17. f3 {[%emt 0:04:43]} exf3 {[%emt 0:13:32]} 18. Nxf3 {[%emt 0:00:33]} a5 {[%emt 0:00:48]} 19. Ne5 {[%emt 0:11:02]} Qb7 {[%emt 0:08:40]} 20. g4 {[%emt 0:01:48]} hxg4 {[%emt 0:05:13]} 21. h5 {[%emt 0:01:34]} b4 {[%emt 0:01:56]} 22. c4 {[%emt 0:03:27]} b3 {[%emt 0:00:05]} 23. Qxb3 {[%emt 0:01:32]} Qxb3 {[%emt 0:01:34]} 24. axb3 {[%emt 0:00:03]} Bxe5 {[%emt 0:00:30]} 25. cxd5 {[%emt 0:02:43]} Bf5+ {[%emt 0:01:26]} 26. Bd3 {[%emt 0:01:22]} Bxd3+ {[%emt 0:00:55]} 27. Rxd3 {[%emt 0:00:05]} Bg7 {[%emt 0:00:05]} 28. Bg5 {[%emt 0:06:22]} f6 {[%emt 0:06:09]} 29. Bd2 {[%emt 0:01:53]} Rfd8 {[%emt 0:03:17]} 30. hxg6 {[%emt 0:01:49]} Rxd5 {[%emt 0:00:11]} 31. b4 {[%emt 0:03:34]} a4 {[%emt 0:00:16]} 32. Kc2 {[%emt 0:02:07]} f5 {[%emt 0:00:56]} 33. Re1 {[%emt 0:01:19]} Bf6 {[%emt 0:00:27]} 34. Bh6 {[%emt 0:00:52]} Rad8 {[%emt 0:03:46]} 35. Rf1 {[%emt 0:03:15]} Bxd4 {[%emt 0:02:21]} 36. Rxd4 {[%emt 0:00:42]} Rxd4 {[%emt 0:00:05]} 37. Rxf5 {[%emt 0:00:02]} R4d6 {[%emt 0:00:24]} 38. Rg5 {[%emt 0:00:23]} Rc8+ {[%emt 0:00:12]} 39. Kb1 {[%emt 0:00:07]} Rd1+ {[%emt 0:00:07]} 40. Ka2 {[%emt 0:00:00]} Rh1 {[%emt 0:00:00]} 0-1

[Event "Mitropa Cup Women 2019"]
[Site "Radenci"]
[Date "2019.06.02"]
[Round "7.10"]
[White "Juhasz, Barbara"]
[Black "Newrkla, Katharina"]
[Result "1/2-1/2"]
[WhiteElo "2207"]
[BlackElo "2190"]
[Annotator "TA"]
[PlyCount "113"]
[EventDate "2019.05.27"]
[EventType "team-tourn"]
[EventCountry "SLO"]
[SourceTitle "playchess.com"]
[Source "ChessBase"]
[SourceQuality "1"]
[WhiteTeam "Hungary"]
[BlackTeam "Austria"]
[WhiteTeamCountry "HUN"]
[BlackTeamCountry "AUT"]

{[%evp 10,113,19,18,42,9,9,9,12,3,17,-9,34,29,35,58,71,62,73,81,297,285,292,295,319,306,289,237,277,274,254,260,250,267,258,179,267,152,181,181,181,181,181,181,172,166,181,181,197,176,180,168,174,174,174,174,172,167,160,160,199,0,60,0,194,179,217,185,202,186,219,180,220,231,212,84,238,218,278,272,277,274,328,253,371,327,327,327,326,314,316,300,315,302,306,0,306,291,291,118,106,0,283,283,340,0]} 1. e4 c5 2. Nf3 d6 3. Bb5+ Nd7 4. d4 cxd4 5. Qxd4 a6 6. Bxd7+ Qxd7 {B51: Sicilian: Moscow Variation (3 Bb5+) without 3...Bd7} (6... Bxd7 7. Nc3 e5 8. Qd3 Rc8 9. O-O h6 10. Nd2 Be6 11. Rd1 Nf6 12. Nf1 Bc4 13. Qf3 Bxf1 14. Kxf1 Be7 15. Qd3 Rc6 {½-½ (30) Ni,H (2674)-Fedoseev,V (2702) China 2019}) 7. c4 e5 8. Qd3 f5 {The position is equal.} 9. Nc3 Nf6 10. O-O $146 ({Predecessor:} 10. Be3 Qc6 11. b4 fxe4 12. b5 axb5 13. cxb5 exd3 14. bxc6 bxc6 {0-1 (25) Berke,A (2146)-Brunello,M (2356) Antalya 2019}) 10... Be7 11. Bg5 $36 {[%mdl 2048] White has some pressure.} fxe4 12. Nxe4 Nxe4 13. Qxe4 Qg4 {[#]} 14. Qe3 $1 {Hoping for Bxe7.} Bd7 $2 {[#]} (14... Bxg5 $16 15. Nxg5 O-O) 15. Bxe7 $1 $18 Kxe7 16. c5 {Threatens to win with cxd6+.} Qf4 {intending ...Qxe3.} 17. cxd6+ Kf6 18. Qb3 {Rfe1 is the strong threat.} Bc6 19. Rfe1 Bxf3 20. gxf3 Rad8 21. Re4 Qf5 22. Rd1 ({Don't take} 22. Qxb7 $6 Rxd6 23. Ra4 Qe6 $16) 22... Rd7 (22... Rhe8 $142 23. Rb4 b5) 23. Qe3 (23. Rde1 $18 {aiming for f4!} Rxd6 24. Rxe5 Qxe5 25. Rxe5 Kxe5 26. Qf7 (26. Qxb7 Kf6 $16) 26... Rg6+ 27. Kh1) 23... Qg5+ 24. Qxg5+ Kxg5 25. Rxe5+ {[%mdl 4096] Endgame KRR-KRR} Kf6 26. Red5 Rc8 27. R1d2 Rc4 28. Kg2 Rc1 29. R5d4 Rc5 30. f4 Ke6 31. Re2+ Kf6 32. Kf3 Rh5 33. Kg3 Rc5 34. Red2 Rc1 35. Re2 $2 (35. Rd5 $18) 35... Rc6 (35... Rc5 $1 $11) 36. Red2 (36. Rd5 $14) 36... Rc1 $1 37. Kf3 Rc5 38. Kg4 Rc6 39. h3 Rc1 40. Kf3 Rc5 41. Rd5 Rc4 42. Rh5 (42. b3 $18 {and White stays clearly on top.} Rc3+ 43. Kg4) 42... h6 $2 (42... Rc6 $16 {was necessary.}) 43. Rhd5 Rc1 44. h4 Rc4 45. h5 Rc1 46. b4 Rc3+ (46... Rb1 {is a better defense.} 47. a3 b6) 47. R2d3 Rc4 48. a3 Rc6 49. Ke4 Rc4+ 50. R5d4 Rc2 51. Kf3 Rc1 52. Rd5 Rc6 $1 53. Ke3 Ke6 54. Re5+ (54. Ke4 $18 {has better winning chances.}) 54... Kf6 $16 55. Red5 $2 (55. Rc5 $16 Rcxd6 56. Rxd6+ Rxd6 57. Rc7) 55... Ke6 $1 $18 56. Ke4 Kf6 57. Ke3 $2 {Accuracy: White = 56%, Black = 34%.} (57. Rf5+ $18 Ke6 58. Re5+ Kf6 59. Red5) 1/2-1/2

[Event "Mitropa Cup Women 2019"]
[Site "Radenci"]
[Date "2019.06.02"]
[Round "7.11"]
[White "Schloffer, Jasmin-Denise"]
[Black "Varga, Klara"]
[Result "1/2-1/2"]
[WhiteElo "2133"]
[BlackElo "2146"]
[Annotator "ChessBase"]
[PlyCount "124"]
[EventDate "2019.05.27"]
[EventType "team-tourn"]
[EventCountry "SLO"]
[SourceTitle "playchess.com"]
[Source "ChessBase"]
[SourceQuality "1"]
[WhiteTeam "Austria"]
[BlackTeam "Hungary"]
[WhiteTeamCountry "AUT"]
[BlackTeamCountry "HUN"]
[TimeControl "40/5400+30:1800+30"]

1. d4 {[%emt 0:00:00]} Nf6 {[%emt 0:00:00]} 2. c4 {[%emt 0:00:00]} e6 {[%emt 0:00:00]} 3. Nc3 {[%emt 0:00:00]} Bb4 {[%emt 0:00:00]} 4. Qc2 {[%emt 0:00:00]} O-O {[%emt 0:00:00]} 5. a3 {[%emt 0:00:00]} Bxc3+ {[%emt 0:00:00]} 6. Qxc3 {[%emt 0:00:00]} d5 {[%emt 0:00:01]} 7. Bg5 {[%emt 0:00:08]} dxc4 {[%emt 0:00:04]} 8. Qxc4 {[%emt 0:00:04]} b6 {[%emt 0:00:04]} 9. Rd1 {[%emt 0:00:05]} Ba6 {[%emt 0:01:29]} 10. Qa4 {[%emt 0:00:05]} Qd7 {[%emt 0:00:17]} 11. Qc2 {[%emt 0:00:20]} Qc6 {[%emt 0:00:58]} 12. Qxc6 {[%emt 0:00:07]} Nxc6 {[%emt 0:00:02]} 13. Bxf6 {[%emt 0:02:40]} gxf6 {[%emt 0:00:03]} 14. e3 {[%emt 0:00:10]} Bb7 {[%emt 0:02:45]} 15. Nf3 {[%emt 0:01:40]} Rac8 {[%emt 0:01:12]} 16. Be2 {[%emt 0:01:46]} Ne7 {[%emt 0:03:33]} 17. Rc1 {[%emt 0:03:19]} Rfd8 {[%emt 0:02:40]} 18. O-O {[%emt 0:02:09]} Kf8 {[%emt 0:07:19]} 19. h3 {[%emt 0:04:26]} Ng6 {[%emt 0:13:04]} 20. Rfd1 {[%emt 0:07:19]} Ke7 {[%emt 0:01:26]} 21. b4 {[%emt 0:04:57]} c5 {[%emt 0:17:38]} 22. bxc5 {[%emt 0:07:42]} bxc5 {[%emt 0:01:35]} 23. Rxc5 {[%emt 0:00:21]} Rxc5 {[%emt 0:00:05]} 24. dxc5 {[%emt 0:00:05]} Rxd1+ {[%emt 0:04:11]} 25. Bxd1 {[%emt 0:00:09]} Bxf3 {[%emt 0:00:12]} 26. Bxf3 {[%emt 0:03:58]} Ne5 {[%emt 0:00:08]} 27. Be2 {[%emt 0:00:32]} Nd7 {[%emt 0:01:47]} 28. c6 {[%emt 0:05:48]} Ne5 {[%emt 0:00:08]} 29. Bb5 {[%emt 0:06:01]} Kd6 {[%emt 0:00:26]} 30. Kh2 {[%emt 0:00:06]} Nxc6 {[%emt 0:03:27]} 31. Kg3 {[%emt 0:00:50]} Ne7 {[%emt 0:09:49]} 32. Kg4 {[%emt 0:04:41]} Nd5 {[%emt 0:06:13]} 33. Be8 {[%emt 0:07:11]} Ke7 {[%emt 0:02:34]} 34. Ba4 {[%emt 0:00:06]} f5+ {[%emt 0:10:20]} 35. Kg5 {[%emt 0:00:43]} Nf6 {[%emt 0:00:42]} 36. Bc2 {[%emt 0:01:54]} Ng8 {[%emt 0:02:06]} 37. f3 {[%emt 0:07:09]} h6+ {[%emt 0:00:43]} 38. Kh5 {[%emt 0:04:35]} Kf6 {[%emt 0:08:00]} 39. g4 {[%emt 0:04:07]} fxg4 {[%emt 0:00:30]} 40. fxg4 {[%emt 0:00:00]} Kg7 {[%emt 0:00:00]} 41. g5 {[%emt 0:04:06]} hxg5 {[%emt 0:06:24]} 42. Kxg5 {[%emt 0:00:07]} Ne7 {[%emt 0:00:22]} 43. Be4 {[%emt 0:03:10]} f6+ {[%emt 0:00:24]} 44. Kh5 {[%emt 0:03:50]} f5 {[%emt 0:01:09]} 45. Bb7 {[%emt 0:01:09]} Kf6 {[%emt 0:00:19]} 46. Kh4 {[%emt 0:03:02]} Ng6+ {[%emt 0:01:26]} 47. Kg3 {[%emt 0:00:09]} Kg5 {[%emt 0:00:41]} 48. Bc8 {[%emt 0:03:06]} e5 {[%emt 0:00:15]} 49. Kf3 {[%emt 0:04:53]} Ne7 {[%emt 0:06:07]} 50. Be6 {[%emt 0:02:10]} Kh4 {[%emt 0:01:09]} 51. Bd7 {[%emt 0:02:15]} Kxh3 {[%emt 0:06:44]} 52. e4 {[%emt 0:00:06]} Kh4 {[%emt 0:00:03]} 53. exf5 {[%emt 0:00:32]} Kg5 {[%emt 0:00:07]} 54. Ke4 {[%emt 0:01:11]} Kf6 {[%emt 0:00:06]} 55. Be6 {[%emt 0:01:58]} Nc6 {[%emt 0:00:53]} 56. Bd7 {[%emt 0:02:43]} Nd4 {[%emt 0:00:18]} 57. a4 {[%emt 0:01:25]} a5 {[%emt 0:01:58]} 58. Bc8 {[%emt 0:00:43]} Nb3 {[%emt 0:00:43]} 59. Kd5 {[%emt 0:00:41]} e4 {[%emt 0:01:34]} 60. Kxe4 {[%emt 0:01:04]} Nc5+ {[%emt 0:00:05]} 61. Kd4 {[%emt 0:01:06]} Nxa4 {[%emt 0:00:11]} 62. Kc4 {[%emt 0:01:15]} Nb6+ {[%emt 0:00:21]} 1/2-1/2

[Event "Mitropa Cup Women 2019"]
[Site "Radenci"]
[Date "2019.06.02"]
[Round "7.12"]
[White "Gaal, Zsoka"]
[Black "Froewis, Annika"]
[Result "1-0"]
[WhiteElo "2044"]
[BlackElo "2089"]
[Annotator "NA RC"]
[PlyCount "131"]
[EventDate "2019.05.27"]
[EventType "team-tourn"]
[EventCountry "SLO"]
[SourceTitle "playchess.com"]
[Source "ChessBase"]
[SourceQuality "1"]
[WhiteTeam "Hungary"]
[BlackTeam "Austria"]
[WhiteTeamCountry "HUN"]
[BlackTeamCountry "AUT"]
[TimeControl "40/5400+30:1800+30"]

1. Nf3 {[%emt 0:00:00]} d5 {[%emt 0:00:00]} 2. g3 {[%emt 0:00:00]} e6 {[%emt 0:00:30]} 3. Bg2 {[%emt 0:00:00]} Nf6 {[%emt 0:00:27]} 4. O-O {[%emt 0:00:00]} b5 {[%emt 0:03:14]} (4... Be7 5. c4 O-O 6. d4 dxc4 7. Qc2 a6 8. a4 Bd7 9. Rd1 Bc6 10. Bg5 b5 11. Bxf6 Bxf6 12. Nc3 Qe8 13. d5 exd5 14. Nd4 Qe5 15. e4 dxe4 16. axb5 axb5 17. Nxc6 Nxc6 18. Rxa8 Rxa8 19. Qxe4 Qxe4 20. Bxe4 {½-½ (32) Rapport,R (2726)-Giri,A (2797) Shenzhen 2019}) 5. b3 {[%emt 0:01:42]} Bb7 {[%emt 0:11:54]} 6. Bb2 {[%emt 0:01:56] A07: Réti Opening: New York and Capablanca Systems} Nbd7 {[%emt 0:00:37]} 7. d3 {[%emt 0:02:38]} Be7 {[%emt 0:04:42]} 8. Nbd2 {[%emt 0:01:06]} c5 {[%emt 0:03:28]} 9. c4 {[%emt 0:00:32]} bxc4 {[%emt 0:04:57]} 10. bxc4 {[%emt 0:00:58]} d4 $146 {[%emt 0:01:48]} ({Predecessor:} 10... O-O 11. Qc2 d4 12. e3 dxe3 13. fxe3 Qc7 14. d4 {0-1 (25) Bitman,M (2051)-Gumula,D (2309) Poland 2008}) 11. Rb1 {[%emt 0:03:18]} Bc6 {[%emt 0:02:07]} 12. Ba3 {[%emt 0:02:34]} O-O {[%emt 0:06:27]} 13. Nb3 {[%emt 0:07:49]} e5 {[%emt 0:07:15]} 14. Qd2 {[%emt 0:05:10]} a5 {[%emt 0:03:49]} 15. Qc2 {[%emt 0:03:26]} Ra6 {[%emt 0:04:45]} 16. Nbd2 {[%emt 0:08:09]} Nh5 {[%emt 0:02:46]} 17. e3 {[%emt 0:04:15]} dxe3 {[%emt 0:07:54]} 18. fxe3 {[%emt 0:00:27]} f5 {[%emt 0:00:25]} 19. Rbe1 {[%emt 0:05:31]} g6 {[%emt 0:04:02]} 20. Bb2 {[%emt 0:05:00]} Bd6 {[%emt 0:03:11]} 21. Re2 {[%emt 0:09:38]} Rb6 {[%emt 0:03:52]} 22. Bc3 {[%emt 0:01:48]} Rb8 {[%emt 0:03:04]} 23. Nb3 {[%emt 0:05:21]} Bc7 {[%emt 0:02:46]} 24. d4 {[%emt 0:09:05]} Be4 {[%emt 0:03:52]} 25. Qd2 {[%emt 0:00:31]} exd4 {[%emt 0:01:36]} 26. exd4 {[%emt 0:00:36]} a4 {[%emt 0:01:38]} 27. Nxc5 {[%emt 0:02:52]} Nxc5 {[%emt 0:00:34]} 28. dxc5 {[%emt 0:00:05]} Bxg3 {[%emt 0:07:09]} 29. hxg3 {[%emt 0:03:58]} Nxg3 {[%emt 0:00:06]} 30. Ref2 {[%emt 0:01:16]} Nxf1 {[%emt 0:00:42]} 31. Rxf1 {[%emt 0:01:08]} Qxd2 {[%emt 0:01:26]} 32. Nxd2 {[%emt 0:01:15]} Bxg2 {[%emt 0:00:16]} 33. Kxg2 {[%emt 0:00:03]} Rfe8 {[%emt 0:02:31]} 34. Kf2 {[%emt 0:02:14]} g5 {[%emt 0:01:13]} 35. Nf3 {[%emt 0:01:34]} g4 {[%emt 0:00:31]} 36. Ne5 {[%emt 0:00:24]} Rbc8 {[%emt 0:00:47]} 37. c6 {[%emt 0:01:50]} Rxe5 {[%emt 0:01:28]} 38. Bxe5 {[%emt 0:00:09]} Rxc6 {[%emt 0:00:04]} 39. Rc1 {[%emt 0:00:53]} Kf7 {[%emt 0:00:49]} 40. c5 {[%emt 0:00:00]} Kg6 {[%emt 0:00:00]} 41. Bd6 {[%emt 0:03:13]} h5 {[%emt 0:05:22]} 42. Kg3 {[%emt 0:00:29]} Kg5 {[%emt 0:01:10]} 43. Be7+ {[%emt 0:00:20]} Kg6 {[%emt 0:00:17]} 44. Rd1 {[%emt 0:02:40]} Kf7 {[%emt 0:01:32]} 45. Bd6 {[%emt 0:00:49]} Rc8 {[%emt 0:03:13]} 46. Re1 {[%emt 0:04:32]} Kf6 {[%emt 0:02:33]} 47. Rc1 {[%emt 0:14:00]} (47. Kf4 $142) 47... Ke6 {[%emt 0:05:13]} 48. Rh1 {[%emt 0:01:50]} Rh8 {[%emt 0:02:40]} 49. Kh4 {[%emt 0:04:14]} Kd7 {[%emt 0:06:23]} 50. Re1 {[%emt 0:05:30]} Rg8 {[%emt 0:02:30]} 51. Kxh5 {[%emt 0:03:16]} g3 {[%emt 0:00:28]} 52. Rg1 {[%emt 0:00:35]} g2 {[%emt 0:00:47]} (52... Kc6 $142 53. Bxg3 (53. Rxg3 Rxg3 54. Bxg3 Kxc5 $11) 53... Rh8+ 54. Kg5 Re8 55. Kxf5 Re2) 53. Kh4 {[%emt 0:00:44]} Kc6 {[%emt 0:00:24]} 54. Kh3 {[%emt 0:00:16]} Rg4 {[%emt 0:04:46]} 55. Rxg2 {[%emt 0:00:55]} Rb4 {[%emt 0:00:18]} 56. a3 {[%emt 0:03:55]} (56. Rf2 $142) 56... Rc4 $2 {[%emt 0:00:48]} (56... Rb3+ {was called for.} 57. Kh4 (57. Rg3 f4 $11) 57... Rxa3) 57. Rg3 {[%emt 0:00:20]} f4 {[%emt 0:00:48]} 58. Rf3 {[%emt 0:00:29]} Re4 {[%emt 0:00:11]} 59. Kg4 {[%emt 0:00:17]} Kb5 {[%emt 0:00:49]} 60. Rxf4 {[%emt 0:00:30]} Re3 {[%emt 0:00:24]} 61. Rb4+ {[%emt 0:01:00]} Ka5 {[%emt 0:00:16]} 62. c6 {[%emt 0:00:14]} Rc3 {[%emt 0:00:51]} 63. c7 {[%emt 0:00:13]} Rc6 {[%emt 0:00:18]} 64. Rb8 {[%emt 0:00:50]} Rxd6 {[%emt 0:00:18]} 65. Ra8+ {[%emt 0:00:07]} Kb5 {[%emt 0:00:46]} 66. c8=Q {[%emt 0:00:18] Kc6 Kh3+} 1-0

[Event "Mitropa Cup Women 2019"]
[Site "Radenci"]
[Date "2019.06.02"]
[Round "7.13"]
[White "Georgescu, Lena"]
[Black "Gueci, Tea"]
[Result "1-0"]
[WhiteElo "2191"]
[BlackElo "2251"]
[Annotator "ChessBase"]
[PlyCount "99"]
[EventDate "2019.05.27"]
[EventType "team-tourn"]
[EventCountry "SLO"]
[SourceTitle "playchess.com"]
[Source "ChessBase"]
[SourceQuality "1"]
[WhiteTeam "Switzerland"]
[BlackTeam "Italy"]
[WhiteTeamCountry "SUI"]
[BlackTeamCountry "ITA"]
[TimeControl "40/5400+30:1800+30"]

1. e4 {[%emt 0:00:00]} c5 {[%emt 0:00:00]} 2. Nc3 {[%emt 0:00:00]} Nc6 {[%emt 0:00:00]} 3. Bb5 {[%emt 0:00:00]} Nd4 {[%emt 0:00:00]} 4. Bc4 {[%emt 0:00:00]} e6 {[%emt 0:00:00]} 5. Nge2 {[%emt 0:00:00]} Nf6 {[%emt 0:03:13]} 6. O-O {[%emt 0:00:53]} a6 {[%emt 0:02:36]} 7. d3 {[%emt 0:00:11]} d5 {[%emt 0:03:47]} 8. exd5 {[%emt 0:02:11]} exd5 {[%emt 0:00:06]} 9. Nxd5 {[%emt 0:01:34]} Nxd5 {[%emt 0:02:16]} 10. Nxd4 {[%emt 0:00:10]} cxd4 {[%emt 0:01:08]} 11. Qh5 {[%emt 0:00:13]} Be6 {[%emt 0:07:23]} 12. Re1 {[%emt 0:00:59]} Be7 {[%emt 0:14:20]} 13. Rxe6 {[%emt 0:01:01]} O-O {[%emt 0:00:41]} 14. Bxd5 {[%emt 0:08:42]} fxe6 {[%emt 0:01:24]} 15. Bxe6+ {[%emt 0:05:35]} Kh8 {[%emt 0:00:25]} 16. Bf5 {[%emt 0:03:01]} h6 {[%emt 0:12:36]} 17. Qg6 {[%emt 0:21:23]} Rxf5 {[%emt 0:01:41]} 18. Qxf5 {[%emt 0:00:18]} Qc7 {[%emt 0:01:39]} 19. Qe4 {[%emt 0:16:10]} Bf6 {[%emt 0:03:48]} 20. Bf4 {[%emt 0:03:09]} Qxc2 {[%emt 0:04:05]} 21. Qxb7 {[%emt 0:04:29]} Re8 {[%emt 0:03:08]} 22. Qxa6 {[%emt 0:01:58]} Qxb2 {[%emt 0:04:50]} 23. Rf1 {[%emt 0:00:35]} Re2 {[%emt 0:03:01]} 24. Bxh6 {[%emt 0:05:24]} Be7 {[%emt 0:16:15]} 25. Bf4 {[%emt 0:02:04]} Bb4 {[%emt 0:00:41]} 26. Qc8+ {[%emt 0:01:35]} Kh7 {[%emt 0:00:14]} 27. Qf5+ {[%emt 0:02:20]} Kg8 {[%emt 0:00:43]} 28. a4 {[%emt 0:03:01]} Qa2 {[%emt 0:01:20]} 29. Qc8+ {[%emt 0:04:37]} Kh7 {[%emt 0:01:16]} 30. Qf5+ {[%emt 0:00:29]} Kg8 {[%emt 0:00:07]} 31. Qb5 {[%emt 0:02:22]} Bc3 {[%emt 0:03:24]} 32. h4 {[%emt 0:00:59]} Rb2 {[%emt 0:01:31]} 33. Qe8+ {[%emt 0:00:21]} Kh7 {[%emt 0:00:06]} 34. Qh5+ {[%emt 0:01:37]} Kg8 {[%emt 0:00:08]} 35. Qe8+ {[%emt 0:00:11]} Kh7 {[%emt 0:00:06]} 36. h5 {[%emt 0:00:30]} Rb6 {[%emt 0:03:46]} 37. Qe4+ {[%emt 0:04:22]} Kg8 {[%emt 0:00:21]} 38. Qe8+ {[%emt 0:01:16]} Kh7 {[%emt 0:00:07]} 39. Be5 {[%emt 0:03:49]} Qe6 {[%emt 0:01:55]} 40. Qxe6 {[%emt 0:00:00]} Rxe6 {[%emt 0:00:00]} 41. f4 {[%emt 0:02:28]} Ra6 {[%emt 0:02:17]} 42. Rb1 {[%emt 0:01:50]} g6 {[%emt 0:02:12]} 43. Rb7+ {[%emt 0:04:56]} Kh6 {[%emt 0:00:19]} 44. hxg6 {[%emt 0:01:07]} Kxg6 {[%emt 0:00:50]} 45. g4 {[%emt 0:01:09]} Rxa4 {[%emt 0:00:57]} 46. Kg2 {[%emt 0:01:22]} Ra1 {[%emt 0:03:32]} 47. f5+ {[%emt 0:03:10]} Kg5 {[%emt 0:00:35]} 48. Rg7+ {[%emt 0:00:07]} Kh6 {[%emt 0:00:32]} 49. Rg6+ {[%emt 0:03:57]} Kh7 {[%emt 0:00:13]} 50. g5 {[%emt 0:00:25]} 1-0